banner-ar

تاريخ مصر من عهد المماليك إلى نهاية حكم إسماعيل / (Record no. 9394)

MARC details
000 -الفاتح
حقل البيانات ثابتة الطول 00870nam a2200217Ia 4500
005 - وقت وتاريخ اخر تعامل مع التسجيلة
رقم الضبط 20240530095653.0
008 - عناصر البيانات ثابتة الطول - معلومات عامة
حقل البيانات ثابتة الطول 140319s9999 xx 000 0 ara d
040 ## - مصدر الفهرسة
وكالة الفهرسة الأصلية GCL /
وكالة النسخ GCL
082 04 - رقم تصنيف ديوى العشرى
رقم التصنيف 962.034
رقم المادة ي ت
100 1# - المدخل الرئيسى - إسم شخصى
الإسم الشخصى يانج، جورج
245 10 - بيان العنوان
العنوان تاريخ مصر من عهد المماليك إلى نهاية حكم إسماعيل /
بيان المسئوليه,etc يانج، جورج ؛ تعريب على احمد شكرى .
250 ## - بيان الطبعة
بيان الطبعة الثانية
260 ## - PUBLICATION, DISTRIBUTION, ETC. (IMPRINT)
تاريخ النشر أو التوزيع 1996
300 ## - الوصف المادى
التعداد 608 ص :
تفاصيل ماديه اخرى للوعاء صور ؛
أبعاد الوعاء 24سم
490 ## - بيان السلسلة
عنوان السلسلة صفحات من تاريخ مصر
رقم المجلد/ التعيين التسلسلي 5
650 04 - المدخل الاضافى بالموضوع-مصطلح موضوعى
مصطلح موضوعي مصر - تاريخ - عصر المماليك ( 1250-1517 م )
650 04 - المدخل الاضافى بالموضوع-مصطلح موضوعى
مصطلح موضوعي مصر - تاريخ - العصر الحديث - عصر اسماعيل ( 1863-1879 م )
700 1# - المدخل الاضافى - اسم شخصى
الإسم الشخصى على احمد شكرى
الدور مترجم
942 ## - عناصر المدخل الإضافي( كوها)
مصدر التصنيف او مخطط الترفيف Dewey Decimal Classification
Koha [default] item type كتاب
260 ## - PUBLICATION, DISTRIBUTION, ETC. (IMPRINT)
-- القاهرة :
-- مكتبة مدبولى ،
Holdings
حالة التراجع حالة الفقد حالة تلف ليس للاعارة المكان المؤقت الموقع الحالى تاريخ الاكتساب اجمالي اﻻعارات رقم الطلب الباركود تاريخ اخر مشاهدة تاريخ تفعيل السعر نوع وعاء كوها موقع الترفيف
        مكتبة القاهرة الكبرى مكتبة القاهرة الكبرى 03/26/2014   962.034 ق/ى ت 19615 03/26/2014 03/26/2014 كتاب  
        مكتبة القاهرة الكبرى مكتبة القاهرة الكبرى 03/26/2014   962.034 ق/ى ت 19616 03/26/2014 03/26/2014 كتاب  
        مكتبة القاهرة الكبرى مكتبة القاهرة الكبرى 03/26/2014   962.034 ق/ى ت 19617 03/26/2014 03/26/2014 كتاب  
        مكتبة القاهرة الكبرى مكتبة القاهرة الكبرى 03/26/2014   962.034 ق/ى ت 19618 03/26/2014 03/26/2014 كتاب  
        مكتبة القاهرة الكبرى مكتبة القاهرة الكبرى 11/28/2018   962.034 /ق/ي ت 165163 11/28/2018 11/28/2018 كتاب  

Powered By

EGPV